<?xml version="1.0" encoding="UTF-8"?>
<record
    xmlns:xsi="http://www.w3.org/2001/XMLSchema-instance"
    xsi:schemaLocation="http://www.loc.gov/MARC21/slim http://www.loc.gov/standards/marcxml/schema/MARC21slim.xsd"
    xmlns="http://www.loc.gov/MARC21/slim">

  <leader>04074cam a2200541Ii 4500</leader>
  <controlfield tag="001">DIGDYK0505</controlfield>
  <controlfield tag="003">NyNyDIG</controlfield>
  <controlfield tag="008">190609s2012    sp      ob    100 0 spa d</controlfield>
  <controlfield tag="006">m     o  d        </controlfield>
  <controlfield tag="007">cr |||||||||||</controlfield>
  <datafield tag="035" ind1=" " ind2=" ">
    <subfield code="a">(OCoLC)1104432935</subfield>
  </datafield>
  <datafield tag="040" ind1=" " ind2=" ">
    <subfield code="a">DGITA</subfield>
    <subfield code="b">eng</subfield>
    <subfield code="e">rda</subfield>
    <subfield code="e">pn</subfield>
    <subfield code="c">DGITA  </subfield>
  </datafield>
  <datafield tag="020" ind1=" " ind2=" ">
    <subfield code="a">9788490312148</subfield>
    <subfield code="q">(eBook ;</subfield>
    <subfield code="q">pdf)</subfield>
  </datafield>
  <datafield tag="020" ind1=" " ind2=" ">
    <subfield code="a">8490312141</subfield>
    <subfield code="q">(eBook ;</subfield>
    <subfield code="q">pdf)</subfield>
  </datafield>
  <datafield tag="020" ind1=" " ind2=" ">
    <subfield code="z">9788415455356</subfield>
  </datafield>
  <datafield tag="020" ind1=" " ind2=" ">
    <subfield code="z">8415455356</subfield>
  </datafield>
  <datafield tag="043" ind1=" " ind2=" ">
    <subfield code="a">e------</subfield>
    <subfield code="a">e-sp---</subfield>
  </datafield>
  <datafield tag="050" ind1="1" ind2="4">
    <subfield code="a">KKT874.A67 ebook</subfield>
  </datafield>
  <datafield tag="082" ind1="0" ind2="4">
    <subfield code="a">346.46072</subfield>
  </datafield>
  <datafield tag="111" ind1="2" ind2=" ">
    <subfield code="a">Jornadas sobre la Compraventa en el C&#xF3;digo Civil. Principios Europeos y Marco Com&#xFA;n de Referencia</subfield>
    <subfield code="d">(2010 :</subfield>
    <subfield code="c">Madrid, Spain),</subfield>
    <subfield code="j">author.</subfield>
  </datafield>
  <datafield tag="245" ind1="1" ind2="0">
    <subfield code="a">Cuestiones sobre la compraventa en el C&#xF3;digo civil :</subfield>
    <subfield code="b">principios europeos y draft /</subfield>
    <subfield code="c">Mar&#xED;a del Carmen G&#xF3;mez Laplaza (coordinadora) ; Andr&#xE9;s Dom&#xED;nguez Luelmo [and ten others].</subfield>
  </datafield>
  <datafield tag="264" ind1=" " ind2="1">
    <subfield code="a">Madrid :</subfield>
    <subfield code="b">Dykinson, S.L.,</subfield>
    <subfield code="c">[2012]</subfield>
  </datafield>
  <datafield tag="300" ind1=" " ind2=" ">
    <subfield code="a">1 online resource.</subfield>
  </datafield>
  <datafield tag="336" ind1=" " ind2=" ">
    <subfield code="a">text</subfield>
    <subfield code="b">txt</subfield>
    <subfield code="2">rdacontent</subfield>
  </datafield>
  <datafield tag="337" ind1=" " ind2=" ">
    <subfield code="a">computer</subfield>
    <subfield code="b">c</subfield>
    <subfield code="2">rdamedia</subfield>
  </datafield>
  <datafield tag="338" ind1=" " ind2=" ">
    <subfield code="a">online resource</subfield>
    <subfield code="b">cr</subfield>
    <subfield code="2">rdacarrier</subfield>
  </datafield>
  <datafield tag="347" ind1=" " ind2=" ">
    <subfield code="a">text file</subfield>
    <subfield code="2">rdaft</subfield>
  </datafield>
  <datafield tag="347" ind1=" " ind2=" ">
    <subfield code="b">PDF</subfield>
  </datafield>
  <datafield tag="490" ind1="1" ind2=" ">
    <subfield code="a">Colecci&#xF3;n Monograf&#xED;as de derecho civil. II, Obligaciones y contratos ;</subfield>
    <subfield code="v">11</subfield>
  </datafield>
  <datafield tag="500" ind1=" " ind2=" ">
    <subfield code="a">Proceedings of "Jornadas sobre la Compraventa en el C&#xF3;digo Civil. Principios Europeos y Marco Com&#xFA;n de Referencia" held at the "Facultad de Derecho de la Universidad Complutense de Madrid," in November 2010.</subfield>
  </datafield>
  <datafield tag="504" ind1=" " ind2=" ">
    <subfield code="a">Includes bibliographical references.</subfield>
  </datafield>
  <datafield tag="505" ind1="0" ind2=" ">
    <subfield code="a">Transmisi&#xF3;n y adquisici&#xF3;n de la propiedad en la compraventa : el problema de la adquisici&#xF3;n en los procesos de ejecuci&#xF3;n / Andr&#xE9;s Dom&#xED;nguez Luelmo -- La venta de cosa ajena : distinci&#xF3;n de supuestos / Luis Felipe Ragel S&#xE1;nchez -- La unificaci&#xF3;n de los diversos reg&#xED;menes de saneamiento por vicios ocultos y falta de conformidad de los bienes vendidos : "&#xBF;una cuesti&#xF3;n pendiente en materia de compraventa?" / Margarita Castilla Barea -- Capacidad para celebrar el contrato de compraventa / Mar&#xED;a Dolores Hern&#xE1;ndez D&#xED;az-Ambrona -- La regulaci&#xF3;n de la cl&#xE1;usula penal en los PECL y el DRAFT y su comparaci&#xF3;n con el derecho espa&#xF1;ol / Mar&#xED;a Teresa &#xC1;lvarez Moreno -- P&#xE9;rdida y deterioro de la cosa debida en el contrato de compraventa : su tratamiento en el Schuldrechtsmodernisierungsgesetz y la propuesta de modernizaci&#xF3;n del c&#xF3;digo civil en materia de obligaciones y contratos / Cristina Fuenteseca Degenefee -- La venta con pacto de retroventa del c&#xF3;digo civil espa&#xF1;ol en el marco unificador contractual europeo / Eva Jord&#xE1; Capit&#xE1;n -- Derecho contractual europeo y evicci&#xF3;n : la superaci&#xF3;n del r&#xE9;gimen de saneamiento / Ver&#xF3;nica de Priego Fern&#xE1;ndez -- Compraventa con integraci&#xF3;n in natura versus permuta con compensaci&#xF3;n pecuniaria / Vidal Rivera Sabat&#xE9;s -- Efectos del conocimiento de la cesi&#xF3;n en el derecho comparado y en el Draft Common of Reference / Ma Patricia Represa Polo -- Observaciones en torno a la obligaci&#xF3;n de pago del precio del comprador / Alejandro Rosillo Fair&#xE9;n.</subfield>
  </datafield>
  <datafield tag="588" ind1="0" ind2=" ">
    <subfield code="a">Online resource; title from PDF title page (Digitalia, viewed June 12, 2019).</subfield>
  </datafield>
  <datafield tag="650" ind1=" " ind2="0">
    <subfield code="a">Sales</subfield>
    <subfield code="z">Spain</subfield>
    <subfield code="v">Congresses.</subfield>
  </datafield>
  <datafield tag="650" ind1=" " ind2="0">
    <subfield code="a">Sales</subfield>
    <subfield code="z">European Union countries</subfield>
    <subfield code="v">Congresses.</subfield>
  </datafield>
  <datafield tag="655" ind1=" " ind2="7">
    <subfield code="a">Conference papers and proceedings.</subfield>
    <subfield code="2">lcgft</subfield>
  </datafield>
  <datafield tag="655" ind1=" " ind2="0">
    <subfield code="a">Electronic books.</subfield>
  </datafield>
  <datafield tag="700" ind1="1" ind2=" ">
    <subfield code="a">G&#xF3;mez Laplaza, Carmen,</subfield>
    <subfield code="e">editor.</subfield>
  </datafield>
  <datafield tag="700" ind1="1" ind2=" ">
    <subfield code="a">Dom&#xED;nguez Luelmo, Andr&#xE9;s,</subfield>
    <subfield code="e">author.</subfield>
  </datafield>
  <datafield tag="710" ind1="2" ind2=" ">
    <subfield code="a">Universidad Complutense de Madrid.</subfield>
    <subfield code="b">Facultad de Derecho,</subfield>
    <subfield code="e">hosting institution.</subfield>
  </datafield>
  <datafield tag="791" ind1="2" ind2=" ">
    <subfield code="a">Digitalia (Firm),</subfield>
    <subfield code="e">distributor.</subfield>
  </datafield>
  <datafield tag="793" ind1="0" ind2=" ">
    <subfield code="g">Digitalia eBook Collection:</subfield>
    <subfield code="a">Dykinson Editorial</subfield>
  </datafield>
  <datafield tag="776" ind1="0" ind2="8">
    <subfield code="i">Print version:</subfield>
    <subfield code="a">Dom&#xED;nguez Luelmo, Andr&#xE9;s.</subfield>
    <subfield code="t">Cuestiones sobre la compraventa en el C&#xF3;digo civil.</subfield>
    <subfield code="d">Madrid : Dykinson, 2012</subfield>
    <subfield code="z">9788415455356</subfield>
    <subfield code="w">(DLC)  2012531461</subfield>
    <subfield code="w">(OCoLC)794031672</subfield>
  </datafield>
  <datafield tag="830" ind1=" " ind2="0">
    <subfield code="a">Colecci&#xF3;n Monograf&#xED;as de derecho civil.</subfield>
    <subfield code="n">II,</subfield>
    <subfield code="p">Obligaciones y contratos ;</subfield>
    <subfield code="v">11.</subfield>
  </datafield>
  <datafield tag="856" ind1="4" ind2="0">
    <subfield code="3">Digitalia Hisp&#xE1;nica</subfield>
    <subfield code="u">https://www.digitaliapublishing.com/a/18964/</subfield>
  </datafield>
  <datafield tag="910" ind1=" " ind2=" ">
    <subfield code="a">Premium Collection: 2019</subfield>
  </datafield>
  <datafield tag="942" ind1=" " ind2=" ">
    <subfield code="c">RAA</subfield>
  </datafield>
  <datafield tag="952" ind1=" " ind2=" ">
    <subfield code="0">0</subfield>
    <subfield code="1">0</subfield>
    <subfield code="4">0</subfield>
    <subfield code="7">0</subfield>
    <subfield code="8">DEH</subfield>
    <subfield code="a">BD-UIN</subfield>
    <subfield code="b">BD-UIN</subfield>
    <subfield code="d">2025-04-25</subfield>
    <subfield code="l">0</subfield>
    <subfield code="r">2025-04-25</subfield>
    <subfield code="w">2025-04-25</subfield>
    <subfield code="y">RAA</subfield>
  </datafield>
  <datafield tag="999" ind1=" " ind2=" ">
    <subfield code="c">236187</subfield>
    <subfield code="d">236187</subfield>
  </datafield>
</record>
